Relevancia del psicólogo educativo como profesional especializado: funciones específicas (Record no. 207610)

MARC details
000 -CABECERA
campo de control de longitud fija 01646cab a2200289 ab4500
005 - FECHA Y HORA DE LA ÚLTIMA TRANSACCIÓN
campo de control 20250828190645.0
008 - ELEMENTOS DE LONGITUD FIJA--INFORMACIÓN GENERAL
campo de control de longitud fija 991125c2017 mx qr p o 000 0 spa d
035 ## - NÚMERO DE CONTROL DEL SISTEMA
Número de control de sistema UPN01000235515
040 ## - FUENTE DE LA CATALOGACIÓN
Centro catalogador/agencia de origen MX-MxUPN
Lengua de catalogación spa
Centro/agencia transcriptor MX-MxUPN
Normas de descripción aacr2
049 ## - COLECCIÓN
Colección ART-E
100 1# - ASIENTO PRINCIPAL--NOMBRE PERSONAL
Nombre de persona De la Fuente Arias, Jesús
Enlace - jfuente@ual.es
222 #0 - TÍTULO CLAVE
Título clave REVISTA PADRES Y MAESTROS
245 00 - MENCIÓN DE TÍTULO
Título Relevancia del psicólogo educativo como profesional especializado: funciones específicas
Medio [recurso electrónico en línea]
260 ## - PUBLICACIÓN, DISTRIBUCIÓN, ETC.
Lugar de publicación, distribución, etc. Madrid, España
506 0# - NOTA DE RESTRICCIONES AL ACCESO
Limitaciones de acceso Acceso abierto
520 3# - NOTA DE RESUMEN, ETC.
Sumario, etc. Para comprender y abordar los problemas educativos actuales es necesario distinguir las competencias específicas y roles de cada profesional, eligiendo así qué tipo de especialista es más pertinente ante un problema educativo dado, dada la complejidad de los mismos. Este trabajo pretende clarificar e informar a progenitores, profesorado y gestores respecto a las características específicas y competencias del psicólogo educativo –bastante desdibujado, a favor de otros perfiles generalistas–, en el contexto actual de los profesionales de la Orientación Educativa. Padres y maestros.
653 0# - TERMINO DE INDIZACION - NO CONTROLADO
Término no controlado Psicólogo educativo
653 0# - TERMINO DE INDIZACION - NO CONTROLADO
Término no controlado Competencias específicas
653 0# - TERMINO DE INDIZACION - NO CONTROLADO
Término no controlado Perfil profesional
653 0# - TERMINO DE INDIZACION - NO CONTROLADO
Término no controlado Profesionales de la educación
773 ## - ENLACE AL DOCUMENTO FUENTE/ENTRADA DE REGISTRO ANFITRIÓN
Parte(s) relacionada(s) No. 369, (2017), p. 7-13
Título Revista padres y maestros 
Número Internacional Normalizado para Publicaciones Seriadas 2255-1042
856 4# - LOCALIZACIÓN Y ACCESO ELECTRÓNICOS
Identificador Uniforme del Recurso <a href="https://revistas.comillas.edu/index.php/padresymaestros/article/view/7742/7559">https://revistas.comillas.edu/index.php/padresymaestros/article/view/7742/7559</a>
856 4# - LOCALIZACIÓN Y ACCESO ELECTRÓNICOS
Identificador Uniforme del Recurso <a href="https://doi.org/10.14422/pym.i369.y2017.001">https://doi.org/10.14422/pym.i369.y2017.001</a>
902 ## - ELEMENTOS DE DATOS B LOCAL, LDB (RLIN)
Creó Leonor Sotres/280825
905 ## - TIPO DE MATERIAL
Tipo de material Articulo
942 ## - ELEMENTOS DE PUNTO DE ACCESO ADICIONAL (KOHA)
Tipo de ítem Koha Artículo Electrónico
Holdings
Estado de retiro Estado de pérdida Estado dañado No para préstamo Código de colección Localización permanente Ubicación/localización actual Ubicación en estantería Fecha de adquisición Total de préstamos Fecha visto por última vez Identificador Uniforme del Recurso Precio válido a partir de Tipo de ítem Koha
        Acceso abierto Bib. Gregorio Torres Quintero Bib. Gregorio Torres Quintero En línea 28/08/2025   28/08/2025 https://doi.org/10.14422/pym.i369.y2017.001 28/08/2025 Artículo Electrónico